Namatu uṭal / (Record no. 82904)
[ view plain ]
| 000 -LEADER | |
|---|---|
| fixed length control field | 00576nam a2200217 a 4500 |
| 001 - CONTROL NUMBER | |
| control field | sa 68009408 |
| 003 - CONTROL NUMBER IDENTIFIER | |
| control field | DLC |
| 005 - DATE AND TIME OF LATEST TRANSACTION | |
| control field | 20260227112542.0 |
| 008 - FIXED-LENGTH DATA ELEMENTS--GENERAL INFORMATION | |
| fixed length control field | 980904s1959 ii a 000 0 tam |
| 010 ## - LIBRARY OF CONGRESS CONTROL NUMBER | |
| LC control number | sa 68009408 |
| 040 ## - CATALOGING SOURCE | |
| Original cataloging agency | DLC |
| Transcribing agency | DLC |
| 050 00 - LIBRARY OF CONGRESS CALL NUMBER | |
| Classification number | QP38 |
| Item number | .S4 |
| 100 1# - MAIN ENTRY--PERSONAL NAME | |
| Personal name | Cēṣāttirinātan̲, En̲., |
| Dates associated with a name | 1892- |
| 245 10 - TITLE STATEMENT | |
| Title | Namatu uṭal / |
| Statement of responsibility, etc. | En̲. Cēṣāttirinātan̲. |
| 246 15 - VARYING FORM OF TITLE | |
| Title proper/short title | Namadu udal |
| 246 15 - VARYING FORM OF TITLE | |
| Title proper/short title | Human body |
| 250 ## - EDITION STATEMENT | |
| Edition statement | 1st ed. |
| 260 0# - PUBLICATION, DISTRIBUTION, ETC. | |
| Place of publication, distribution, etc. | Cen̲n̲ai : |
| Name of publisher, distributor, etc. | Pāri Nilaiyam, |
| Date of publication, distribution, etc. | 1959. |
| 300 ## - PHYSICAL DESCRIPTION | |
| Extent | xi, 93 p. : |
| Other physical details | ill. ; |
| Dimensions | 19 cm. |
| 546 ## - LANGUAGE NOTE | |
| Language note | In Tamil. |
No items available.